Vyhodnocovanie efektívnosti investičných projektov v priemyselnom podniku diplomová práca

Gespeichert in:
Bibliographische Detailangaben
1. Verfasser: Kliman, Vladimír
Format: Buch
Sprache:Slowakisch
Veröffentlicht: Bratislava STU FCHPT 2018
Online-Zugang:Im OPAC anzeigen
Tags: Tag hinzufügen
Keine Tags, Fügen Sie das erste Tag hinzu!

MARC

LEADER 00000nam a2200000 a 4500
005 20260127134113.0
008 180823 2018 xo a 001 0 slo d
035 |a vtls011774269 
039 9 |y 201808231107  |z mschk03 
040 |a STUSCHK1  |b slo  |c STUSCHK1  |e AACR2 
100 1 |a Kliman, Vladimír 
245 1 |a Vyhodnocovanie efektívnosti investičných projektov v priemyselnom podniku  |b diplomová práca  |c Vladimír Kliman 
260 |a Bratislava  |b STU FCHPT  |c 2018 
300 |a 67 s.  |b il.  |c 25 cm 
500 |a Študijný program: riadenie technologických procesov v chémii a potravinárstve 
500 |a Študijný odbor: chemické technológie 
500 |a Školiace pracovisko: Odd. manažmentu chemických a potravinárskych technológií 
500 |a Evid. číslo: fCHPT-5415-44221 
910 |a SCHK95 
999 |c 4135  |d 4135